| 000 | 00506nam a22001817a 4500 | ||
|---|---|---|---|
| 005 | 20250124122738.0 | ||
| 008 | 250124b |||||||| |||| 00| 0 eng d | ||
| 020 | _a9781305500372 | ||
| 082 |
_a658.478 _bCIA-S |
||
| 100 | _aCiampa, Mark | ||
| 245 |
_aSecurity Awareness : _bApplying Practical Security in Your World / _cMark Ciampa |
||
| 250 | _a5th ed. | ||
| 260 |
_aUSA: _bElsvier; _c2017. |
||
| 300 |
_axiv, 229 p. : _bill; _c24 cm. |
||
| 500 | _ainclude index. | ||
| 650 | _aSecurity | ||
| 999 |
_c36827 _d36827 |
||